000
00388nam a2200145Ia 4500
008
100122s9999 xx 000 0 und d
082
_b
9935
_a
823
100
_a
माडखोलकर ग त्र्यं
245
_a
अनघा
260
_b
प्रकाशक शोधणे
_c
1950
300
_a
100
630
_a
अनघा
730
_a
अनघा
942
_c
BOOK
999
_c
401741
_d
401738